• 首页
  • 本馆介绍
  • 公告通知
  • 最新文献
  • 馆藏检索
  • 电子资源
  • 读者导购
  • 参考咨询
  • 我的图书馆
  • 登录
  • 详细信息显示
  • 放入我的书架
  • 预约/预借图书
  • 作者相关作品
  • 分类相关作品
  • 丛书相关作品
  • 出版社相关作品

书目信息

  • 表格格式
  • 工作单格式
  • 卡片格式
题名:
法国文学论集
    
 
作者: 郑克鲁 著
分册:  
出版信息: 南宁   漓江出版社  1982
页数: 300页
开本: 21cm
丛书名:
单 册:
中图分类: I565.06
科图分类:
主题词: 文学评论--法国 , 文学研究--法国
电子资源:
ISBN:
000 00624nam0 2200241 45
001 0182002789
005 20070729101035.55
010    @dCNY1.00
091    @a10256.26
100    @a19950517d1982 kemy0chiy0121 ea
101 0  @achi
102    @aCN@b450000
105    @ay zr 000yy
200 10 @a法国文学论集@Afa guo wen xue lun ji@f郑克鲁著@FZheng Ke Lu Zhu
210    @a南宁@c漓江出版社@d1982
215    @a300页@d21cm
606 0  @a文学评论@x法国
606 0  @a文学研究@x法国
690    @aI565.06@v3
701  0 @a郑克鲁@4著
801  2 @aCN@bNLC@c20070729
801  0 @aCN@b上海图书馆@c20070719
905    @dI565.06@e119
    
    法国文学论集/郑克鲁著.-南宁:漓江出版社,1982
    300页;21cm
    
    
    ISBN :CNY1.00
    
●
相关链接 在E读中查询图书 在五车中查询图书 在当当中查询图书 在豆瓣中查询图书


正题名:法国文学论集     索取号:I565.06/119         预约/预借

序号 登录号 条形码 馆藏地/架位号 状态 备注
1 0117364   000143696   第二借阅区/ [索取号:I565.06/119] 在馆    
2 0117365   002039831   第二借阅区/ [索取号:I565.06/119] 在馆    
3 0117368   000143758   第二借阅区/ [索取号:I565.06/119] 在馆    
4 0117368   000143712   第一样本阅览室/ [索取号:I565.06/119] 在馆    
5 0179020   000143767   第二借阅区/ [索取号:I565.06/119] 在馆    
6 0179021   000143703   第二借阅区/ [索取号:I565.06/119] 在馆    
7 0427282   204272820   密集书库/ [索取号:I565.06/119] 在馆    
8 0443669   204436690   密集书库/ [索取号:I565.06/119] 在馆    
9 0449688   204496884   密集书库/ [索取号:I565.06/119] 在馆    
10 0766510   207665105   密集书库/ [索取号:I565.06/119] 在馆    
11 0785874   207858745   密集书库/ [索取号:I565.06/119] 在馆    
唐山师范学院图书馆 欢迎您!
大连网信软件有限公司© 版权所有